Statistics for Random Premier League Players by Picture

Click here to take the quiz!

General Stats

  • This quiz has been taken 99 times
    (64 since last reset)
  • The average score is 10 of 12

Answer Stats

Answer% Correct
Alisson
100%
Allan Saint-Maximin
100%
Andrew Robertson
100%
Anthony Gordon
100%
Antony
100%
Bernardo Silva
100%
Bruno Fernandes
100%
Bukayo Saka
100%
Casemiro
100%
Christian Pulisic
100%
Cody Gakpo
100%
Darwin Núñez
100%
David de Gea
100%
Declan Rice
100%
Ederson
100%
Emile Smith Rowe
100%
Erling Haaland
100%
Gabriel Jesus
100%
Gabriel Martinelli
100%
Harry Kane
100%
Heung-Min Son
100%
Jadon Sancho
100%
João Félix
100%
Joelinton
100%
Jordan Pickford
100%
Julián Álvarez
100%
Kai Havertz
100%
Kevin De Bruyne
100%
Kieran Trippier
100%
Lisandro Martínez
100%
Lucas Paquetá
100%
Luis Díaz
100%
Luke Shaw
100%
Marc Cucurella
100%
Marcus Rashford
100%
Martin Ødegaard
100%
Mateo Kovacic
100%
Miguel Almirón
100%
Mohamed Salah
100%
Oleksandr Zinchenko
100%
Phil Foden
100%
Raheem Sterling
100%
Richarlison
100%
Riyad Mahrez
100%
Roberto Firmino
100%
Rodri
100%
Ruben Dias
100%
Thomas Partey
100%
Tomas Soucek
100%
Virgil Van Dijk
100%
William Saliba
100%
Trent Alexander-Arnold
89%
Kelvin Phillips
88%
Ben White
86%
Diogo Jota
86%
Mason Mount
86%
Wesley Fofana
83%
Alexis Mac Allister
80%
Ollie Watkins
80%
Raphaël Varane
80%
Reece James
80%
Callum Wilson
75%
Jorginho
75%
Moisés Caicedo
75%
Mykhaylo Mudryk
75%
Pedro Porro
75%
Rúben Neves
75%
Benoît Badiashile
71%
Kaoru Mitoma
71%
Aaron Ramsdale
67%
Cristian Romero
67%
Fabinho
67%
Ibrahima Konaté
67%
Ilkay Gündogan
67%
Ivan Toney
67%
Jack Grealish
67%
Sven Botman
67%
Marc Guéhi
60%
Rodrigo Bentancur
60%
Bruno Guimarães
57%
Dejan Kulusevski
50%
Diogo Dalot
50%
Enzo Fernández
50%
Jarrod Bowen
50%
Leandro Trossard
50%
Matheus Nunes
50%
Nathan Aké
50%
Joao Palhinha
44%
Pierre-Emile Höjbjerg
40%
Amadou Onana
25%
Alexander Isak
0%
Gabriel Magalhães
0%

Score Distribution

Percentile by Number Answered

Percent of People with Each Score

Your Score History

You have not taken this quiz since the last reset